Thérèse de Lisieux et Franz Kafka (notice n° 1581691)
[ vue normale ]
| 000 -LEADER | |
|---|---|
| fixed length control field | 00986cam a2200157 4500500 |
| 005 - DATE AND TIME OF LATEST TRANSACTION | |
| control field | 20251228051330.0 |
| 041 ## - LANGUAGE CODE | |
| Language code of text/sound track or separate title | fre |
| 042 ## - AUTHENTICATION CODE | |
| Authentication code | dc |
| 100 10 - MAIN ENTRY--PERSONAL NAME | |
| Personal name | Salin, Dominique |
| Relator term | author |
| 245 00 - TITLE STATEMENT | |
| Title | Thérèse de Lisieux et Franz Kafka |
| 260 ## - PUBLICATION, DISTRIBUTION, ETC. | |
| Date of publication, distribution, etc. | 2024.<br/> |
| 500 ## - GENERAL NOTE | |
| General note | 80 |
| 520 ## - SUMMARY, ETC. | |
| Summary, etc. | La littérature prendrait-elle la relève de la religion ? Elle assume les questions radicales de l’humanité que prenaient en charge les grands systèmes, désormais décrédibilisés. Deux figures quasi contemporaines, aussi disparates soient-elles, une mystique et un écrivain athée, sont mises en parallèle. La « petite voie » thérésienne, qui interroge la « volonté de puissance », n’est pas sans résonance avec le questionnement kafkaïen. L’expérience mystique se produit dans la banalité du quotidien. |
| 786 0# - DATA SOURCE ENTRY | |
| Note | Études | ovembre | 11 | 2024-11-07 | p. 81-92 | 0014-1941 |
| 856 41 - ELECTRONIC LOCATION AND ACCESS | |
| Uniform Resource Identifier | <a href="https://shs.cairn.info/revue-etudes-2024-11-page-81?lang=fr&redirect-ssocas=7080">https://shs.cairn.info/revue-etudes-2024-11-page-81?lang=fr&redirect-ssocas=7080</a> |
Pas d'exemplaire disponible.




Réseaux sociaux